000 00931nas a2200253 4500
001 BR9200667
003 BR-BrBNA
005 20231205092305.0
007 ta
008 230509b bl.|||p| |||| 00| 00por d
040 _aBR-BrBNA
_bpor
_cBiblioteca Nacional de Agricultura
041 _a(Pt)
072 _aJ11
100 1 _aAlmeida, A.A. de
100 1 _aSkora Neto, F.
245 1 _aInfluencia da temperatura no desenvolvimento de Ephestia cautella (Walker, 1863)(Lepidoptera, Pyralidae), em graos de trigo armazenado
246 1 _aInfluence of temperature on the development of Ephestia cautella (Walker, 1863)(Lepidoptera, Pyralidae)in wheat stored grains
650 _aTRIGO
650 _aLEPIDOPTERO
650 _aTEMPERATURA
773 0 _tRevista Brasileira de Entomologia (Brazil)
_xISSN 0085-5626
_g(Mar 1991), v. 35(1) p. 155-164
_wBR9200667
909 _a202311
_bLúcia
_c55
_dLúcia Elande
942 _2AGRIS
_n0
_cANA
999 _c130695
_d130695